Applied linguistics and the learning and teaching of foreign languages

Na minha lista:
Detalhes bibliográficos
Formato: Livro
Publicado em: 1977
Tags: Adicionar Tag
Sem tags, seja o primeiro a adicionar uma tag!
Thư viện lưu trữ: Mạng thư viện Đại học Đà Nẵng
LEADER 00479nam a22001811a 4500
001 000037664
003 13959
005 20160412020421.0
008 160412s1977 000
082 |a 4A(07)1013 
245 |a Applied linguistics and the learning and teaching of foreign languages  |c Theo Van Eles 
260 |c 1977 
OWN |a LNN 
999 |a From the UDN01 
TYP |a Monograph 
980 |a Mạng thư viện Đại học Đà Nẵng